000 01365cam a2200337 i 4500
999 _c68112
_d68112
001 26243
003 Mx-PuUPA
005 20191008162950.0
008 140415s2016 gw r 000 0 ger d
020 _a9783451273810
040 _aMx-PuUPA
_bspa
_cMx-PuUPA
_dMx-PuUPA
_erda
041 0 _ager
245 0 0 _aEdith Stein.
_n11/12.
_pEndliches und exiges sein : versuch eines aufstiegs zum sinn des seins. /
_cAdreas Uwe Müller, editor ; Hanna-Barbara Gerl-Falkovitz, colaborador ; Internationales Edith Stein Institut
246 3 1 _aEdith Stein Gesamtausgabe. ESGA
250 _a3., durchegesehene auflage
264 4 _aFreiburg im breisgau :
_bVerlag Herder GmbH,
_c2016
300 _axlii 531 páginas ;
_c22 cm.
336 _2rdacontent
_atexto
_btxt
337 _2rdamedia
_asin medio
_bn
338 _2rdacarrier
_avolumen
_bnc
490 0 _aB. Philosophische Schriften
490 0 _aAbteilung 2. Phänomenologie und ontologie ;
_v3/4
501 _aCon: Anhang, Martin Heideggers Existenzphilosophie ; Die Seelenburg
600 1 4 _aEdith Stein, -- Santa,
_d1891-1942
_xOntología
700 1 _aMüller, Adreas Uwe,
_eeditor
700 1 _aGerl-Falkovitz, Hanna-Barbara,
_ecolaborador
710 2 _aInternationales Edith Stein Institut
942 _2ddc
_cLI
_h271.971022
_iE234